| 000 | 00576nam a2200181Ia 4500 | ||
|---|---|---|---|
| 008 | 131103s9999 xx 000 0 und d | ||
| 040 | _aLoreto College | ||
| 041 | _aEnglish | ||
| 082 |
_a811.3/WHI/811.3/WHI _b#NAME? |
||
| 100 | _aWagenknecht,Edward | ||
| 245 |
_aJohn Greenleaf Whittier _b a portrait in paradox _cEdward Wagenknecht |
||
| 260 |
_aNew York _bOxford University Press _c1967 |
||
| 300 |
_aviii,262 p. _c 21 cm. |
||
| 504 | _aIncludes bibliographical references and index | ||
| 650 | _aWhittier,John Greenleaf,1807 - 1892 | ||
| 850 | _aLCLIB | ||
| 942 | _cBK | ||
| 999 |
_c11644 _d62123 |
||